000 00603nam a2200205 i 4500
001 75549
003 ES-MaACL
005 20240423123210.0
007 t|
008 040924s1975 sp ||||1| spa d
100 1 _aGrande, Félix,
_d1937-2014
_959584
245 1 0 _aParábolas /
_cFélix Grande.
250 _a[1ª ed.].
260 _a[Madrid] :
_bJúcar,
_c[1975]
300 _a148 p. ;
_c20 cm.
490 1 _aAzanca. Narrativa contemporánea ;
_v9
830 0 _aAzanca. Narrativa contemporánea ;
_v9
_9231257
852 _aES-MaACL
_jL-7043
_bR.107470
999 _c75549
_d75549